| 000 | 00794nam a2200205 i 4500 | ||
|---|---|---|---|
| 001 | 108877 | ||
| 003 | ES-MaACL | ||
| 005 | 20230906184730.0 | ||
| 007 | t| | ||
| 008 | 061121m19841987sp r ||||1| spa d | ||
| 020 | _a84-7483-403-1 | ||
| 245 | 0 | 0 |
_aMonumentos españoles _b: catálogo de los declarados histórico-artísticos 1844-1953. |
| 260 |
_aMadrid : _bMinisteriode Cultura, Dirección General de Bellas Artes y Archivos, _c1984-<1987> |
||
| 300 |
_a1 v. : _bil ; _c29 cm. |
||
| 505 | 8 | _aContiene: T. IV. 1954-1964 | |
| 650 |
_aMonumentos- _zEspaña. _915179 |
||
| 710 | 2 |
_aCentro Nacional de Información Artística, Arqueológica y Etnológica (España) _9162159 |
|
| 710 | 1 |
_aEspaña. _bDirección General de Bellas Artes y Archivos. _93708 |
|
| 852 |
_aES-MaACL _jP-553 _bR.114617 |
||
| 999 |
_c108877 _d108877 |
||